Responses for Show #3541 - Monday, January 17, 2000

Contestants

[<< previous game]

Kara McDermott, an Internet content editor from Newton, Massachusetts

Wes Borucki, a doctoral candidate originally from Bloomfield Township, Michigan

Lewis Targownik, a resident physician from Winnipeg, Manitoba (whose 2-day cash winnings total $27,601)

[next game >>]

Jeopardy! Round responses

THE ACADEMY AWARDS
DEUTERONOMY
ROYAL NICKNAMES
BEIN' GREEN
GRAVE MATTERS
LITERARY QUOTES
    $100 6
Francis Ford Coppola

Kara
    $100 1
Worship

Lewis
    $100 8
"King of the Wild Frontier"

Wes
    $100 21
Parrot

Lewis
    $100 12
Jackie Gleason

Wes
    $100 26
Captain Ahab

Kara
    $200 7
Mira Sorvino

Lewis
    $200 2
Moses

Lewis
    $200 13
"King of Pop"

Wes
    $200 22
Bullfrog

Wes
    $200 15
Arlington National Cemetery

Lewis
    $200 27
100 percent

Triple Stumper
    $400 9
(W: What is ancient Egypt?)

Costume Design

Wes
    $300 3
Water

Lewis
    $300 14
"King of Swing"

Kara
    $300 23
Grasshopper

Wes
    $300 16
Karl Marx

Lewis
    $300 28
(Wes: What is a woman's scorn?)

A woman scorned

Wes
Triple Stumper
    $400 10
Judy Holliday

Triple Stumper
    $400 4
(L: What is sevenfold?)
(W: What are children?)

Cattle

LewisWes
Triple Stumper
    $400 19
"Queen of Disco"

Kara
    $400 24
(minute to go...)

Garter snake

Lewis
    $400 17
Napoleon

Lewis
    $400 29
(Wes: What is Atlas Shrugged?)
[The end-of-round signal sounds.]

The Fountainhead

Wes
Triple Stumper
    $500 11
West Side Story

Kara
    $500 5
Ark of the Covenant

Kara
    $500 20
Broadway

Triple Stumper
    $500 25
"Frilled" to meet you

Triple Stumper
    $500 18
Romanovs

Wes

Scores at the first commercial break (after clue 11):

Lewis Wes Kara
$400 -$700 $1,100

Scores at the end of the Jeopardy! Round:

Lewis Wes Kara
$1,800 -$100 $1,900

Double Jeopardy! Round responses

THE WORDS OF MARTIN LUTHER KING
WORLD HISTORY
OKLAHOMIES
ODE TO ENGLAND
THE INSTRUMENT PLAYED
BEFORE & AFTER
    $200 6
Freedom

Lewis
    $200 1
1492

Lewis
    $200 24
Johnny Bench

Lewis
    $200 7
Chelsea

Lewis
    $200 10
Drums

Lewis
    $200 20
Wheel of Fortune 500

Wes
    $400 15
Democracy

Wes
    $400 2
Suez Canal

Wes
    $400 27
Oral Roberts

Wes
    $400 8
Harold Macmillan

Triple Stumper
    $400 11
Cello

Lewis
    $400 21
San Quentin Tarantino

Kara
    $600 16
(L: What is passive resistance?)
(W: What is nonviolent protest?)

Nonviolence

LewisWesKara
    $700 3
(W: Who is Peter the Great?)

Catherine the Great

Wes
    $600 28
(buzzer sounds)

Vince Gill

Triple Stumper
    $600 9
Savoy

Kara
    $600 12
Piano

Lewis
    $600 23
(minute to go...)

Sweet & Low Rider

Triple Stumper
    $800 18
Birmingham

Wes
    $800 4
Alexandria

Lewis
    $800 13
Isle of Man

Wes
    $800 17
(L: What is the violin?)

Classical guitar

LewisWes
    $800 25
(W: Who is John Astin...(time)?)

Raul Julia Child

WesKara
    $1000 19
Brown v. Board of Education

Wes
    $1000 5
Venerable Bede

Wes
    $1000 14
Luddites

Triple Stumper
    $1000 22
Pan flute

Wes
    $1000 26
Albert Belle of the ball

Lewis

Scores at the end of the Double Jeopardy! Round:

Lewis Wes Kara
$4,200 $4,600 $4,300

[wagering suggestions for these scores]

Final Jeopardy! Round responses

U.S. STAMPS
LewisWhat is a smile?
$4,200
KaraWhat is a wheelchair?
$301
WesWhat is a wheelchair?
$4,001
a cigarette

Final scores:

Lewis Wes Kara
$0 $599 $3,999
3rd place: Polaroid PhotoMax Digital Camera Creative Kit 2nd place: Kaypro 2100 Personal Desktop Computer & DK Publishing Books & CD-ROMs New champion: $3,999

Game dynamics:

Coryat scores:

Lewis Wes Kara
$4,200 $5,700 $4,300
18 R,
3 W
16 R,
7 W
(including 2 DDs)
10 R,
0 W

Combined Coryat: $14,200

[game clues] [game scores] [suggest correction]

Game tape date: 1999-11-10
The J! Archive is created by fans, for fans. Scraping, republication, monetization, and malicious use prohibited; this site may use cookies and collect identifying information. See terms. The Jeopardy! game show and all elements thereof, including but not limited to copyright and trademark thereto, are the property of Jeopardy Productions, Inc. and are protected under law. This website is not affiliated with, sponsored by, or operated by Jeopardy Productions, Inc. Join the discussion at JBoard.tv.